Estimaciones y proyecciones de población: 1950-2050/
Recoge las proyecciones de población por sexo y grupos de edad por quinquenios para el período 1985-2025. Señala que, en un período en el que se impulsan ajustes en las políticas económicas y sociales resulta fundamental cuantificar la población futura y su estructura. Con estas proyecciones se pued...
Guardado en:
| Autores Corporativos: | , , |
|---|---|
| Format: | Texto |
| Sprog: | Spanish |
| Udgivet: |
San José:
Imprenta Nacional. DGEC y CELADE ,
1988
|
| Serier: | Fascículo F./CR
|
| Fag: | |
| Tags: |
Tilføj Tag
Ingen Tags, Vær først til at tagge denne postø!
|
MARC
| LEADER | 00000 a a2200000 04500 | ||
|---|---|---|---|
| 001 | 266 | ||
| 003 | cru CIDCACS/IIS | ||
| 005 | 20230719171455.0 | ||
| 008 | 190924s1988 cr |||||r||||||0| ||spa|d | ||
| 040 | |c cru CIDCACS/IIS | ||
| 090 | |a 14.01.02 C 837c | ||
| 110 | |a Costa Rica. Ministerio de Economía, Industria y Comercio. Dirección General de Estadística y Censos | ||
| 245 | 1 | |a Estimaciones y proyecciones de población: |b 1950-2050/ |c Costa Rica. Ministerio de Economía, Industria y Comercio. Dirección General de Estadística y Censos | |
| 260 | |a San José: |b Imprenta Nacional. DGEC y CELADE , |c 1988 | ||
| 300 | |a 174 páginas | ||
| 440 | |9 8578 |a Fascículo F./CR |n n° 1 | ||
| 500 | |a También: Fascículo F/CRI.1, 96 p | ||
| 520 | |a Recoge las proyecciones de población por sexo y grupos de edad por quinquenios para el período 1985-2025. Señala que, en un período en el que se impulsan ajustes en las políticas económicas y sociales resulta fundamental cuantificar la población futura y su estructura. Con estas proyecciones se pueden planificar las necesidades futuras en los campos de salud, educación, empleo, vivienda, desarrollo urbano, etc. Se divide en tres partes: la primera presenta las estimaciones más recientes y las tendencias de los componentes demográficos para el período 1950-1985 y algunos análisis relativos a la evaluación del censo de 1984. Incluye también los elementos de la dinámica futura, desarrollados a partir de esas tendencias. En la segunda se entregan las estimaciones demográficas para el período 1950-1985, así como las proyecciones para el período 1985-2025, con base a hipótesis alternativas sobre la evolución futura de la mortalidad, la fecundidad y la migración internacional. Finalmente, la tercera parte está formada por una serie de anexos sobre aspectos metodológicos e información demográfica básica que podría interesar a usuarios especializados. De acuerdo al método utilizado, combinando las cuatro hipótesis de fecundidad con una de mortalidad y otra de migración internacional, se obtuvieron cuatro proyecciones de población. El documento contiene: 13 cuadros estadísticos, 7 gráficos y 36 cuadros estadísticos tabulados. EB/MR | ||
| 650 | |a POBLACION | ||
| 650 | |a SEXO | ||
| 650 | |a MORTALIDAD | ||
| 650 | |a MIGRACION INTERNACIONAL | ||
| 650 | |a MORTALIDAD INFANTIL | ||
| 650 | |a MIGRACION | ||
| 650 | |a TASA DE FECUNDIDAD | ||
| 650 | |a GRUPOS DE EDAD | ||
| 650 | |a CRECIMIENTO DEMOGRAFICO | ||
| 650 | |a POBLACION | ||
| 710 | |a Centro Latinoamericano de Demografía | ||
| 710 | |a CELADE | ||
| 942 | |2 ddc |c LI |h 14.01.02 C 837c |i 12521 |i 12542 |6 140102_C_837C_12521__12542 | ||
| 999 | |c 4210 |d 4210 | ||
